| 000 | 00981nam a22002657a 4500 | ||
|---|---|---|---|
| 999 |
_c18040 _d18040 |
||
| 003 | AR-CdUCM | ||
| 008 | 190511b ||||| |||| 00| 0 spa d | ||
| 040 |
_aMUNICIPALIDAD PROVINCIAL DEL CUSCO _cBIBLIOTECA MUNICIPAL DEL CUSCO |
||
| 082 |
_24ed. _a985.009 / _bR68 |
||
| 100 |
_aRiva Aguero Osma, José de la _938384 |
||
| 245 | _aJose de la Riva Aguero Osma / | ||
| 260 |
_aPerú : _c1966. |
||
| 300 |
_a145 páginas ; _bretratos, _c20 cm. |
||
| 440 |
_aBiblioteca Hombres del Perú. _938385 |
||
| 505 | _aContenido: La línea paterna -- Nacimiento -- Primeros años -- Una infancia sabia -- Los padres Franceses -- Adolescencia -- La Universidad ... | ||
| 650 |
_aHistoria _9136 |
||
| 650 |
_aLiteratos Peruanos _9808 |
||
| 650 |
_aPerú _935 |
||
| 650 |
_aBiografías _9148 |
||
| 700 |
_aJimenez Borja, José _917165 |
||
| 700 |
_aHooper López, Rene _910201 |
||
| 700 |
_aPorras Barrenechea, Raúl (coautores) _938386 |
||
| 942 |
_2ddc _cLIBROS |
||
| 945 |
_aachl _d2019-05-11 |
||